000 00791nam a22002175i 4500
001 162485
003 ES-MaACL
005 20250809060036.0
008 041118q18721910sp |||| | spa d
040 _aCAM
_bspa
_cCAM
100 1 _aPothier, Robert Joseph.
_9131306
245 1 0 _aTratado de las obligaciones /
_cde Pothier; traducido por S. M. S.
250 _a3ª ed.
260 _aBarcelona :
_bBiblioteca Científica y literaria,
_c[s.a.] (
_fImp. calle Cortes, num. 132)
300 _a2 v. ([4], 308; 458, VI p.) ;
_c21 cm.
596 _aSe ha tomado como referencia para el año la 2ª ed. que es de 1872.
650 7 _aDerecho civil
_2embne
_911656
650 7 _aContratos
_2embne
_911326
852 _aES-MaACL
_jD-1169-1170
_z-- Enc. hol.
999 _c162485
_d162485